000 01430cam a22003614a 4500
001 13572999
003 OSt
005 20140310182529.0
008 040426s2005 at a b 001 0 eng
010 _a 2004049793
020 _a9812549943
040 _aDLC
_cDLC
_dDLC
042 _apcc
043 _an-us---
050 0 0 _aRA 410
_b.F312 2005
100 1 _aFeldstein, Paul J.
_99636
245 1 0 _aHealth care economics /
_cPaul J. Feldstein
246 3 _aHealth care economics
250 _a6th ed.
260 _aAustralia :
_aClifton Park, N.Y. :
_bThomson Delmar Learning,
_cc2005.
300 _a541 p. :
_bill. ;
_c24 cm.
440 0 _aThomson Delmar Learning series in health services administration
_99637
500 _aIncludes bibliographical references and index.
650 0 _aMedical economics.
_99638
650 0 _aMedical economics
_zUnited States.
_99639
856 4 2 _3Publisher description
_uhttp://www.loc.gov/catdir/enhancements/fy1103/2004049793-d.html
856 4 1 _3Table of contents only
_uhttp://www.loc.gov/catdir/enhancements/fy1103/2004049793-t.html
856 4 2 _3Contributor biographical information
_uhttp://www.loc.gov/catdir/enhancements/fy1103/2004049793-b.html
906 _a7
_bcbc
_corignew
_d1
_eocip
_f20
_gy-gencatlg
942 _2lcc
_cSSLC
_kM
999 _c14109
_d14109